| 000 | 00936cam a22002653a 4500 | ||
|---|---|---|---|
| 001 | 31425 | ||
| 003 | PGUSA | ||
| 005 | 20140828083659.0 | ||
| 008 | 100227s2010||||xxu|||||s|||||000 | eng d | ||
| 040 |
_aPGUSA _beng |
||
| 042 | _adc | ||
| 050 | 4 | _aKF | |
| 100 | 1 | _aUnited States. Supreme Court | |
| 245 | 1 | 0 |
_aReport of the Decision of the Supreme Court of the United States, and the Opinions of the Judges Thereof, in the Case of Dred Scott versus John F. A. Sandford : _bDecember Term, 1856. _h[electronic resource] / _cUnited States. Supreme Court |
| 260 |
_bProject Gutenberg, _c2010 |
||
| 506 | _aPublic domain in the USA. | ||
| 516 | _aElectronic text | ||
| 653 | _aSlavery -- United States | ||
| 653 | _aScott, Dred, 1809-1858 | ||
| 700 | 1 |
_aSanford, John F. A., _d1806-1857 |
|
| 700 | 1 |
_aScott, Dred, _d1809-1858 |
|
| 830 | 0 |
_aProject Gutenberg _v31425 |
|
| 856 | 4 | 0 | _uhttp://www.gutenberg.org/ebooks/31425 |
| 942 | _cEB | ||
| 999 |
_c260680 _d260680 |
||